Maajhi Aakaarbhaashite Aani Ietar Lekha (Record no. 348446)

MARC details
000 -LEADER
fixed length control field 004000000a22001690004500
005 - DATE AND TIME OF LATEST TRANSACTION
control field 20120302055443.0
040 ## - CATALOGING SOURCE
Original cataloging agency MAR
100 ## - MAIN ENTRY--PERSONAL NAME
Personal name Suru,Na.Go.
245 ## - TITLE STATEMENT
Title Maajhi Aakaarbhaashite Aani Ietar Lekha
260 ## - PUBLICATION, DISTRIBUTION, ETC. (IMPRINT)
Place of publication, distribution, etc Pune:Vhinas Prakaashan,1972.
300 ## - PHYSICAL DESCRIPTION
Extent 218p.
365 ## - TRADE PRICE
Price amount 15/-
650 ## - SUBJECT ADDED ENTRY--TOPICAL TERM
Topical term or geographic name as entry element Bhaashane
650 ## - SUBJECT ADDED ENTRY--TOPICAL TERM
Topical term or geographic name as entry element Aakaashawaani-Bhaashane
650 ## - SUBJECT ADDED ENTRY--TOPICAL TERM
Topical term or geographic name as entry element Lekha-Na.Go.Suru
942 ## - ADDED ENTRY ELEMENTS (KOHA)
Koha item type Book
Holdings
Withdrawn status Lost status Damaged status Not for loan Home library Current library Date acquired Total Checkouts Barcode Date last seen Price effective from
        Institute For Oriental Study, Thane Institute For Oriental Study, Thane 12/02/2009   IOS-11073 12/02/2009 12/02/2009